Hlavné tendencie investícií

Z vystúpenia francúzskeho veľvyslanca pre medzinárodné investície J.-D. Tordjmana na VIII. Universale v Crans Montane v júni 1996. Rozvoj priamych zahraničných investícií. Rozhodujúca úloha multinárodných firiem. Tendencie rozvoja priamych investícií v roku 2000. Pokračovanie globalizácie svetovej e...

Descripción completa

Guardado en:
Detalles Bibliográficos
Autor principal: Tordjman, J.-D
Formato: Capítulo de libro
Lenguaje:eslovaco
Materias:
Etiquetas: Agregar Etiqueta
Sin Etiquetas, Sea el primero en etiquetar este registro!

MARC

LEADER 00000naa a2200000 4500
001 r021377
005 20230801105439.8
041 0 |a slo 
044 |a SK 
245 1 0 |a Hlavné tendencie investícií  |c J.-D. Tordjman 
520 |a Z vystúpenia francúzskeho veľvyslanca pre medzinárodné investície J.-D. Tordjmana na VIII. Universale v Crans Montane v júni 1996. Rozvoj priamych zahraničných investícií. Rozhodujúca úloha multinárodných firiem. Tendencie rozvoja priamych investícií v roku 2000. Pokračovanie globalizácie svetovej ekonomiky vo finančnej a priemyselnej oblasti. Trendy vývoja priamych investícií vo svete. 
610 2 0 |a investície 
610 2 0 |a investície rozvojové 
610 2 0 |a svet 
610 2 0 |a spoločnosti nadnárodné 
610 2 0 |a globalizácia 
610 2 0 |a hospodárstvo svetové 
610 2 0 |a investície priame zahraničné 
610 2 0 |a Európa 
610 2 0 |a Japonsko 
610 2 0 |a USA 
610 2 0 |a investori 
610 2 0 |a Ázia 
610 2 0 |a Južná Amerika 
610 2 0 |a krajiny rozvojové 
100 1 |a Tordjman, J.-D.